000 00590nam a2200193Ii 4500
003 JO-AjNU
008 230605s9999||||xx |||||||||||||| ||und||
040 _aJO-AjNU
_bara
_erda
_cJO-AjNU
041 _aara
050 1 4 _aBF412.2004
100 3 _aالمغازي،ابراهيم محمد,
_eauthor
_99708
245 0 0 _aهل العبقرية جنون؟
264 3 1 _aالمنصورة:مكتبة جزيرة الورد ،2004
300 _a104ص
336 _atext
_btxt
_2rdacontent
337 _aunmediated
_bn
_2rdamedia
338 _avolume
_bnc
_2rdacarrier
650 4 _aعبقرية
_99709
999 _aA1438
_c5006
_d5006